Central Library OPAC University of Rajshahi

Emotion in adult development / (Record no. 55284)

MARC details
000 -LEADER
fixed length control field 00808nam a2200265 a 4500
001 - CONTROL NUMBER
control field 55284
003 - CONTROL NUMBER IDENTIFIER
rucl marc code BD-RjUL
005 - DATE AND TIME OF LATEST TRANSACTION
control field 20211209080237.0
008 - FIXED-LENGTH DATA ELEMENTS--GENERAL INFORMATION
fixed length control field 840104s1984 caua b 000 0 eng
020 ## - INTERNATIONAL STANDARD BOOK NUMBER
International Standard Book Number 080392156X
035 ## - SYSTEM CONTROL NUMBER
System control number (BD-RjUL)55406
040 ## - CATALOGING SOURCE
Original cataloging agency DLC
Transcribing agency DLC
Modifying agency DLC
-- BD-RjUL
Language of cataloging eng
041 ## - LANGUAGE CODE
Language code of text/sound track or separate title eng
082 00 - DEWEY DECIMAL CLASSIFICATION NUMBER
Classification number 155.6
Edition number 23
Author mark and year EMO 1984
245 00 - TITLE STATEMENT
Title Emotion in adult development /
Statement of responsibility, etc. edited by Carol Zander Malatesta, Carroll E. Izard.
260 ## - PUBLICATION, DISTRIBUTION, ETC. (IMPRINT)
Place of publication, distribution, etc. Beverly Hills :
Name of publisher, distributor, etc. Sage Publications,
Date of publication, distribution, etc. c1984.
300 ## - PHYSICAL DESCRIPTION
Pagination 343 p. :
Illustrations ill. ;
Size 22 cm.
500 ## - GENERAL NOTE
General note Includes index
504 ## - BIBLIOGRAPHY, ETC. NOTE
Bibliography, etc
650 #0 - SUBJECT ADDED ENTRY--TOPICAL TERM
Topical term or geographic name as entry element Emotions.
9 (RLIN) 144748
Topical term or geographic name as entry element Adulthood
General subdivision Psychological aspects.
9 (RLIN) 164711
700 1# - ADDED ENTRY--PERSONAL NAME
Personal name Malatesta, Carol Zander.
Personal name Izard, Carroll E.
Fuller form of name (Carroll Ellis),
942 ## - ADDED ENTRY ELEMENTS (KOHA)
Source of classification or shelving scheme Dewey Decimal Classification
Koha item type Books
Holdings
Lost status Source of classification or shelving scheme Damaged status Not for loan Collection code Permanent Location Current Location Shelving location Date acquired Source of acquisition Total Checkouts Full call number Date last seen Copy number Koha item type
  Dewey Decimal Classification     Non-fiction Central Library, University of Rajshahi Central Library, University of Rajshahi   15/05/1990 Asia foundation   155.6 EMO 1984 15/11/2016 C-2 Books
  Dewey Decimal Classification   Not For Loan Non-fiction Central Library, University of Rajshahi Central Library, University of Rajshahi Reading Room 15/05/1990 Asia Foundation   155.6 EMO 1984 15/03/2017 C-1 Books